000 00408nam a22001577a 4500
005 20171025093542.0
008 171025b xxu||||| |||| 00| 0 eng d
020 _a978-81-8441-700-5
041 _aeng
082 _a336.24
245 _aTAXATION PART- II, INDIRECT TAX
250 _aREV ED. 2015
260 _aNEW DELHI
_bTHE INSTITUTE OF CHARTERED ACCOUNTANTS OF INDIA
300 _a7.19p.
942 _cBK
999 _c5620
_d5618